APUNTES DE RELIGION /

Αποθηκεύτηκε σε:
Λεπτομέρειες βιβλιογραφικής εγγραφής
Μορφή: Βιβλίο
Θέματα:
Ετικέτες: Προσθήκη ετικέτας
Δεν υπάρχουν, Καταχωρήστε ετικέτα πρώτοι!

MARC

LEADER 00000nam^a2200000^a^4500
001 000241854
005 20250521000000.0
009 20260310105233.284
035 |a 051759 
037 |a Acervo Xavier Clavigero 
082 |a 207.  |b APU 
245 1 0 |a APUNTES DE RELIGION /  |c S.A 
264 |a S/L :  |b S/E 
300 |a [122] h. 
336 |a texto  |b txt  |2 rdacontenido 
337 |a sin mediación  |b n  |2 rdamedio 
338 |a volumen  |b nc  |2 rdasoporte 
649 |a XX 
650 |a RELIGION -  |x ESTUDIO Y ENSEÑANZA 
910 |a Fondo General 
920 |a Impresos - Libros 
930 |a Colección General 
905 |a 101 
901 |a 051759  |b IT1  |c ACC  |i 051759  |u 20250521 
902 |a https://opac.biblio.iteso.mx/vufind/Record/000241854